<?xml version="1.0" encoding="UTF-8"?>
<record
    xmlns:xsi="http://www.w3.org/2001/XMLSchema-instance"
    xsi:schemaLocation="http://www.loc.gov/MARC21/slim http://www.loc.gov/standards/marcxml/schema/MARC21slim.xsd"
    xmlns="http://www.loc.gov/MARC21/slim">

  <leader>     nam a22        4500</leader>
  <datafield tag="999" ind1=" " ind2=" ">
    <subfield code="c">151432</subfield>
    <subfield code="d">151430</subfield>
  </datafield>
  <controlfield tag="005">20190923135202.0</controlfield>
  <controlfield tag="008">190923b         mx ||||| |||| 00| 0 spa d</controlfield>
  <datafield tag="020" ind1=" " ind2=" ">
    <subfield code="a">9786070241239 (obra completa) </subfield>
  </datafield>
  <datafield tag="020" ind1=" " ind2=" ">
    <subfield code="a">9786070267376</subfield>
  </datafield>
  <datafield tag="050" ind1="0" ind2="4">
    <subfield code="a">TD228.M6 </subfield>
    <subfield code="b">E66 2015</subfield>
  </datafield>
  <datafield tag="100" ind1="1" ind2=" ">
    <subfield code="a">Seele, Enno. </subfield>
  </datafield>
  <datafield tag="240" ind1="1" ind2="0">
    <subfield code="a">Wassersch&#xF6;pfr&#xE4;der in Mexiko. </subfield>
    <subfield code="l">Espa&#xF1;ol</subfield>
  </datafield>
  <datafield tag="245" ind1="1" ind2="4">
    <subfield code="a">Las norias en M&#xE9;xico </subfield>
    <subfield code="c">/ texto y fotograf&#xED;a Enno Seele ; traducci&#xF3;n Irene Steiner Gabriel, &#xDA;surla Obeg.</subfield>
  </datafield>
  <datafield tag="250" ind1=" " ind2=" ">
    <subfield code="a">2a ed. </subfield>
  </datafield>
  <datafield tag="260" ind1=" " ind2=" ">
    <subfield code="a">M&#xE9;xico, D.F. : </subfield>
    <subfield code="b">Universidad Nacional Aut&#xF3;noma de M&#xE9;xico, programa Universitario de Estudios de la Diversidad Cultural y la Interculturalidad, </subfield>
    <subfield code="c">2015. </subfield>
  </datafield>
  <datafield tag="300" ind1=" " ind2=" ">
    <subfield code="a">217 p. : </subfield>
    <subfield code="b">il. ; </subfield>
    <subfield code="c">20 cm. </subfield>
  </datafield>
  <datafield tag="490" ind1=" " ind2=" ">
    <subfield code="a">Colecci&#xF3;n : tecnolog&#xED;as tradicionales utilitarias de M&#xE9;xico </subfield>
    <subfield code="v"> ; N&#xB0;2</subfield>
  </datafield>
  <datafield tag="504" ind1=" " ind2=" ">
    <subfield code="a">Incluye bibliograf&#xED;a (p.81-89) </subfield>
  </datafield>
  <datafield tag="650" ind1=" " ind2="7">
    <subfield code="2">lemb </subfield>
    <subfield code="a">Abastecimiento de agua </subfield>
    <subfield code="z">M&#xE9;xico</subfield>
  </datafield>
  <datafield tag="650" ind1=" " ind2="7">
    <subfield code="2">lemb </subfield>
    <subfield code="a">Agua </subfield>
    <subfield code="x">Estructuras hidr&#xE1;ulicas</subfield>
    <subfield code="z">M&#xE9;xico </subfield>
  </datafield>
  <datafield tag="700" ind1="1" ind2=" ">
    <subfield code="a">Rojas Rabiela, Teresa, </subfield>
    <subfield code="e">coordinadora</subfield>
  </datafield>
  <datafield tag="700" ind1="1" ind2=" ">
    <subfield code="a">del Val, Jos&#xE9;, </subfield>
    <subfield code="e">coordinador</subfield>
  </datafield>
  <datafield tag="700" ind1="1" ind2=" ">
    <subfield code="a">Steiner Gabriel, Irene, </subfield>
    <subfield code="e">traducci&#xF3;n</subfield>
  </datafield>
  <datafield tag="700" ind1="1" ind2=" ">
    <subfield code="a">Obeg, &#xDA;surla, </subfield>
    <subfield code="e">traducci&#xF3;n</subfield>
  </datafield>
  <datafield tag="942" ind1=" " ind2=" ">
    <subfield code="2">lcc</subfield>
    <subfield code="c">LIB</subfield>
  </datafield>
  <datafield tag="952" ind1=" " ind2=" ">
    <subfield code="1">0</subfield>
    <subfield code="2">lcc</subfield>
    <subfield code="4">0</subfield>
    <subfield code="7">0</subfield>
    <subfield code="a">INV-033</subfield>
    <subfield code="b">INV-033</subfield>
    <subfield code="c">GENERAL</subfield>
    <subfield code="d">2019-09-23</subfield>
    <subfield code="k">IT</subfield>
    <subfield code="o">TD228.M6 E66 2015</subfield>
    <subfield code="p">IIH000029023</subfield>
    <subfield code="r">2019-09-23 00:00:00</subfield>
    <subfield code="t">C:1</subfield>
    <subfield code="v">1.00</subfield>
    <subfield code="y">LIB</subfield>
    <subfield code="z">GENERAL</subfield>
  </datafield>
</record>
